Reinventing women : representation of women in media during the Zia years (Record no. 11417)
[ view plain ]
| 000 -LEADER | |
|---|---|
| fixed length control field | 00411nam a2200145Ia 4500 |
| 005 - DATE AND TIME OF LATEST TRANSACTION | |
| control field | 20250804150444.0 |
| 008 - FIXED-LENGTH DATA ELEMENTS--GENERAL INFORMATION | |
| fixed length control field | 231207s9999 xx 000 0 und d |
| 040 ## - CATALOGING SOURCE | |
| Transcribing agency | PK-LaNCA |
| 082 ## - DEWEY DECIMAL CLASSIFICATION NUMBER | |
| Classification number | MAVA 305.42 |
| Item number | MAN |
| 100 ## - MAIN ENTRY--PERSONAL NAME | |
| Author Name | Neelam Hussain |
| 245 #0 - TITLE STATEMENT | |
| Title | Reinventing women : representation of women in media during the Zia years |
| 260 ## - PUBLICATION, DISTRIBUTION, ETC. | |
| Name of publisher, distributor, etc. | A Simorgh Publication |
| Place of publication, distribution, etc. | Lahore |
| Date of publication, distribution, etc. | 1997 |
| 300 ## - PHYSICAL DESCRIPTION | |
| Pages | 106p |
| 942 ## - ADDED ENTRY ELEMENTS (KOHA) | |
| Koha item type | MA Visual Arts |
| 999 ## - | |
| -- | 11417 |
| -- | 11417 |
| Withdrawn status | Weedout from Library | Permanent Location | Current Location | Shelving location | Date acquired | Full call number | Barcode | Price effective from | Koha item type |
|---|---|---|---|---|---|---|---|---|---|
| NATIONAL COLLEGE OF ARTS, LAHORE - LIBRARY | NATIONAL COLLEGE OF ARTS, LAHORE - LIBRARY | M.A Visual Art Section Library Basement | 08/12/2023 | MAVA 305.42 MAN 15244 | 15244 | 08/12/2023 | MA Visual Arts |